Nazioni Miglior costruttore di gioco dell'anno IFFHS - Statistics

Statistiche generali
  • Questo quiz è stato fatto 8 volte
  • Il punteggio medio è 6 su 7
Statistiche sulle risposte
Continente Numero edizioni Edizioni vinte Nazione % Corretto
Europa 1 2006 Francia
100%
Europa 1 2014 Germania
100%
Europa 6 2008; 2009; 2010; 2011; 2012; 2013 Spagna
100%
America del Sud 5 2015; 2016; 2017; 2019; 2022 Argentina
88%
America del Sud 1 2007 Brasile
88%
Europa 2 2020; 2021 Belgio
63%
Europa 1 2018 Croazia
63%
Nessun quiz corrispondente trovato
Distribuzione punteggi
Percentuale di utenti per punteggio
Percentile per numero di risposta
I tuoi punteggi nel tempo
Non hai fatto questo quiz